The noble scholar, jurist, historian


 His Excellency Dr. Abdul Wahhab bin Ibrahim Abu Sulaiman, may Allah have mercy on him.


 He was born in Umm Al-Qura in the year 1356 AH.

رفع الأوهام في عدم جواز صلاة الرجال خلف صف النساء التام في المسجد الحرام / (Record no. 14639)

MARC details
000 -LEADER
fixed length control field 02693cam a2200289 i 4500
003 - CONTROL NUMBER IDENTIFIER
control field OSt
005 - DATE AND TIME OF LATEST TRANSACTION
control field 20260316133136.0
008 - FIXED-LENGTH DATA ELEMENTS--GENERAL INFORMATION
fixed length control field 260117s1913 su g 000 0 ara c
024 0# - OTHER STANDARD IDENTIFIER
Standard number or code خدمة العشيرة
040 ## - CATALOGING SOURCE
Original cataloging agency SA-RiKAPL
Language of cataloging ara
Modifying agency SA-RiAUC
Description conventions rda
082 04 - DEWEY DECIMAL CLASSIFICATION NUMBER
Classification number 252.22
Assigning agency SA-RiAUC
090 ## - LOCALLY ASSIGNED LC-TYPE CALL NUMBER (OCLC); LOCAL CALL NUMBER (RLIN)
Classification number (OCLC) (R) ; Classification number, CALL (RLIN) (NR) م ن 252.22
Local cutter number (OCLC) ; Book number/undivided call number, CALL (RLIN) ا ب ن ب
100 1# - MAIN ENTRY--PERSONAL NAME
Personal name ابن بيري، إبراهيم بن حسين بن أحمد،
Dates associated with a name 1023-1099 هجري
Relator term مؤلف.
245 10 - TITLE STATEMENT
Title رفع الأوهام في عدم جواز صلاة الرجال خلف صف النساء التام في المسجد الحرام /
Statement of responsibility, etc. للعلامة المرحوم الشيخ إبراهيم بيري زاده الحنفي.
264 #1 - PRODUCTION, PUBLICATION, DISTRIBUTION, MANUFACTURE, AND COPYRIGHT NOTICE
Place of production, publication, distribution, manufacture [مكان النشر غير محدد] :
Name of producer, publisher, distributor, manufacturer [الناشر غير محدد]،
Date of production, publication, distribution, manufacture, or copyright notice [1913]
264 #3 - PRODUCTION, PUBLICATION, DISTRIBUTION, MANUFACTURE, AND COPYRIGHT NOTICE
Place of production, publication, distribution, manufacture [مكة المكرمة] :
Name of producer, publisher, distributor, manufacturer مطبعة الترقي الماجدية العثمانية
300 ## - PHYSICAL DESCRIPTION
Extent 7 صفحة ؛
Dimensions 29 سم.
336 ## - CONTENT TYPE
Content type term نص
Content type code txt
Source rdacontent
Materials specified كتاب
337 ## - MEDIA TYPE
Media type term بدون وسيط
Media type code n
Source rdamedia
338 ## - CARRIER TYPE
Carrier type term مجلد
Carrier type code nc
Source rdacarrier
501 ## - WITH NOTE
With note مع : خدمة العشيرة بترتيب وتلخيص وتذييل شمس الظهيرة / للأستاذ الجليل السيد أحمد بن عبد الله السقاف العلوي-زيادات ديوان شعر المتنبي / عبد العزيز الميمني الراجكوتي الأثري-درة العقد الثمين في بعض مناقب السيدة ميمونة أم المؤمنين رضي الله تعالى عنها ونفعنا ببركاتها / لجامعها الفاضل المرحوم الشيخ محمد تقي الدين ابن عمر بن عبد القادر أمين الزرعة الطائفي المكي-سند بانت سعاد والبحث العلمي / بقلم إسماعيل الأنصاري-نور الاقتباس في مشكاة وصية النبي صلى الله عليه وسلم لابن عباس رضي الله عنه / تأليف زين الدين أبي الفرج عبد الرحمن بن شهاب الدين أحمد بن رجب الحنبلي البغدادي-كشف الستر عما ورد في السفر إلى القبر / فضيلة الشيخ حماد بن محمد الأنصاري-نخبة الفكر في مصطلح أهل الأثر / للحافظ شهاب الدين أحمد بن علي بن حجر العسقلاني المصري الشافعي.
610 27 - SUBJECT ADDED ENTRY--CORPORATE NAME
Corporate name or jurisdiction name as entry element المسجد الحرام
Source of heading or term aucnm
650 #7 - SUBJECT ADDED ENTRY--TOPICAL TERM
Topical term or geographic name entry element صلاة الجماعة (فقه إسلامي)
General subdivision طريقة الأحناف
Source of heading or term aucsh
650 #7 - SUBJECT ADDED ENTRY--TOPICAL TERM
Topical term or geographic name entry element الصلاة (فقه إسلامي)
General subdivision طريقة الأحناف
Source of heading or term aucsh
942 ## - ADDED ENTRY ELEMENTS (KOHA)
Source of classification or shelving scheme Dewey Decimal Classification
Koha item type كتاب مصور نادر
Suppress in OPAC No
949 ## - LOCAL PROCESSING INFORMATION (OCLC)
a SA-JeALM
d 260117
u mohamedma123
n 1
Holdings
Withdrawn status Lost status Source of classification or shelving scheme Damaged status Not for loan Home library Current library Date acquired Total checkouts Full call number Barcode Date last seen Price effective from Koha item type
    Dewey Decimal Classification     DR AbdElwahab Library DR AbdElwahab Library 03/16/2026   م ن 252.22 ا ب ن ب 000023147 03/16/2026 03/16/2026 كتاب مصور نادر